| 000 | 00000nam##2200000za#4500 |
| 001 | 9.572405 |
| 003 | CaOODSP |
| 005 | 20220111083056 |
| 007 | cr ||||||||||| |
| 008 | 150406|1993||||xxc|||||o f|0| 0 eng|d |
| 022 | |a1928-6414 |
| 040 | |aCaOODSP|beng |
| 043 | |an-cn--- |
| 086 | 1 |aNE22-1/1993-12E-PDF |
| 110 | 1 |aCanada. |bNational Energy Board. |
| 245 | 10|aReasons for decision in the matter of Interprovincial Pipe Line Inc. : |h[electronic resource]|bapplication for expansion facilities and toll methodology dated 24 June 1993, as amended 17 September and 11 November 1993 |
| 246 | 1 |iVariant title : |aInterprovincial Pipe Line Inc. |
| 260 | |aCalgary - Alberta : |bNational Energy Board |cDecember 1993. |
| 300 | |a65p.|bfigs., glossary, graphs, maps, tables |
| 490 | 1 |aReasons for decision|x1928-6414|vOH-1-93 |
| 500 | |aThe catalogue number (NE22-1/1993-12E) and ISBN (0-662-21224-X) for the print edition have been incorrectly copied in this electronic publication. |
| 590 | |a12-06-Supp|b2012-03-07 |
| 775 | 08|tMotifs de décision visant Interprovincial Pipe Line Inc. : |w(CaOODSP)9.602759 |
| 776 | 0#|tIn the matter of Interprovincial Pipe Line Inc. : |w(CaOODSP)9.610839 |
| 830 | #0|aReasons for decision (Canada. National Energy Board)|x1928-6414|vOH-1-93|w(CaOODSP)9.504480 |
| 856 | 40|ahttp://publications.gc.ca|qPDF|s602 KB|uhttps://publications.gc.ca/collections/Collection/NE22-1-1993-12E.pdf|yOH-1-93 |